000 00589cam a22002053a 4500
001 44734
003 PGUSA
005 20140828084024.0
008 140123s2014||||xxu|||||s|||||000 | eng d
040 _aPGUSA
_beng
042 _adc
100 1 _aVickers, Leslie
245 1 0 _aTraining for the Trenches :
_bA Practical Handbook
_h[electronic resource] /
_cLeslie Vickers
260 _bProject Gutenberg,
_c2014
506 _aPublic domain in the USA.
516 _aElectronic text
830 0 _aProject Gutenberg
_v44734
856 4 0 _uhttp://www.gutenberg.org/ebooks/44734
942 _cEB
999 _c273985
_d273985